| 000 | 00647nam a22002177a 4500 | ||
|---|---|---|---|
| 003 | dpl | ||
| 005 | 20180601141858.0 | ||
| 008 | 180601b xxu||||| |||| 00| 0 eng d | ||
| 010 | _aB-159606 | ||
| 020 |
_a8126021276 _c75.00 |
||
| 035 | _aB-159606 | ||
| 037 | _bDBAD / PUB | ||
| 040 | _c0 | ||
| 082 | 1 | 4 | _a880.0 |
| 245 | 1 |
_aThe satthianadhan family album _cedited by Eunice de souza |
|
| 260 |
_aNew Delhi _bSAHITYA AKADEMI _c2005 |
||
| 270 |
_aRabindra bhavan, 35, ferozeshah road, _bNew Delhi _e110001 |
||
| 300 |
_axiii, 171p. _c20 cm. (pb) |
||
| 500 | _aIncludes index. and bibliography reference | ||
| 942 |
_adpl _cEN _k880.8/THE _2ddc |
||
| 999 |
_c152489 _d152489 |
||